000 00732nam a22002657a 4500
001 BR9602375
003 BR-BrBNA
005 20230928094958.0
007 ta
008 230509b bl.||||| |||| 00| 0 por d
040 _aBR-BrBNA
_bpor
_cBiblioteca Nacional de Agricultura
041 _a(Por)
072 _aF01; F04
_b1000
090 _ 1000 BR9602375
110 1 _aFundacao Educacional Padre Landell de Moura, Porto Alegre, RS (Brasil)
_94881
245 1 _aManual de citricultura
260 3 _aPorto Alegre, RS (Brasil):
_c1974.
300 _a24 p.
500 _a5 ref.; 15 illus.
650 _aCitricultura
650 _aPratica Cultural
650 _aAdubacao
909 _a202309
_bLucia
_c55
_dLucia Elande
942 _cBK
999 _c53802
_d53802